<?xml version="1.0" encoding="UTF-8"?>
<record
    xmlns:xsi="http://www.w3.org/2001/XMLSchema-instance"
    xsi:schemaLocation="http://www.loc.gov/MARC21/slim http://www.loc.gov/standards/marcxml/schema/MARC21slim.xsd"
    xmlns="http://www.loc.gov/MARC21/slim">

  <leader>00862nam a2200277 a 4500</leader>
  <controlfield tag="001">10822</controlfield>
  <controlfield tag="003">BD-RjUL</controlfield>
  <controlfield tag="005">20211208235025.0</controlfield>
  <controlfield tag="008">140125r19771972enkab    b    001 0 eng d</controlfield>
  <datafield tag="020" ind1=" " ind2=" ">
    <subfield code="a">0412109808</subfield>
  </datafield>
  <datafield tag="035" ind1=" " ind2=" ">
    <subfield code="a">(BD-RjUL)10871</subfield>
  </datafield>
  <datafield tag="040" ind1=" " ind2=" ">
    <subfield code="a">LC</subfield>
    <subfield code="b">eng</subfield>
    <subfield code="c">LC</subfield>
    <subfield code="d">ANL</subfield>
    <subfield code="d">BD-RjUL</subfield>
  </datafield>
  <datafield tag="041" ind1=" " ind2=" ">
    <subfield code="a">eng</subfield>
  </datafield>
  <datafield tag="082" ind1="0" ind2="4">
    <subfield code="a">551</subfield>
    <subfield code="b">PAP 1977</subfield>
  </datafield>
  <datafield tag="100" ind1="1" ind2=" ">
    <subfield code="a">Parasnis, D. S.</subfield>
    <subfield code="9">33459</subfield>
  </datafield>
  <datafield tag="245" ind1="1" ind2="0">
    <subfield code="a">Principles of applied geophysics /</subfield>
    <subfield code="c">by D.S. Parasnis.</subfield>
  </datafield>
  <datafield tag="250" ind1=" " ind2=" ">
    <subfield code="a">2nd ed.</subfield>
  </datafield>
  <datafield tag="260" ind1=" " ind2=" ">
    <subfield code="a">London :</subfield>
    <subfield code="b">Chapman and Hall,</subfield>
    <subfield code="c">c1972 [Reprinted 1977]</subfield>
  </datafield>
  <datafield tag="300" ind1=" " ind2=" ">
    <subfield code="a">ix, 214 p. :</subfield>
    <subfield code="b">ill., maps ;</subfield>
    <subfield code="c">21 cm.</subfield>
  </datafield>
  <datafield tag="500" ind1=" " ind2=" ">
    <subfield code="a">Distributed in the USA by Barnes and Noble.</subfield>
  </datafield>
  <datafield tag="504" ind1=" " ind2=" ">
    <subfield code="a">Includes bibliographical references (p. 204-211) and index.</subfield>
  </datafield>
  <datafield tag="650" ind1=" " ind2="0">
    <subfield code="a">Prospecting</subfield>
    <subfield code="x">Geophysical methods.</subfield>
    <subfield code="9">33460</subfield>
  </datafield>
  <datafield tag="650" ind1=" " ind2="0">
    <subfield code="a">Geophysics.</subfield>
    <subfield code="9">33461</subfield>
  </datafield>
  <datafield tag="942" ind1=" " ind2=" ">
    <subfield code="2">ddc</subfield>
    <subfield code="c">BK</subfield>
  </datafield>
  <datafield tag="999" ind1=" " ind2=" ">
    <subfield code="c">10822</subfield>
    <subfield code="d">10822</subfield>
  </datafield>
  <datafield tag="952" ind1=" " ind2=" ">
    <subfield code="0">0</subfield>
    <subfield code="1">0</subfield>
    <subfield code="2">ddc</subfield>
    <subfield code="4">0</subfield>
    <subfield code="7">0</subfield>
    <subfield code="8">NFIC</subfield>
    <subfield code="a">RUCL</subfield>
    <subfield code="b">RUCL</subfield>
    <subfield code="c">Stack</subfield>
    <subfield code="d">1978-07-06</subfield>
    <subfield code="e">W. Heffer and sons.</subfield>
    <subfield code="g">4.35</subfield>
    <subfield code="l">0</subfield>
    <subfield code="o">551 PAP 1977</subfield>
    <subfield code="r">2014-01-25 00:00:00</subfield>
    <subfield code="t">C-2</subfield>
    <subfield code="w">2021-12-08</subfield>
    <subfield code="y">BK</subfield>
  </datafield>
  <datafield tag="952" ind1=" " ind2=" ">
    <subfield code="0">0</subfield>
    <subfield code="1">0</subfield>
    <subfield code="2">ddc</subfield>
    <subfield code="4">0</subfield>
    <subfield code="7">0</subfield>
    <subfield code="8">NFIC</subfield>
    <subfield code="a">RUCL</subfield>
    <subfield code="b">RUCL</subfield>
    <subfield code="c">Stack</subfield>
    <subfield code="d">1978-11-30</subfield>
    <subfield code="e">London : Heffers</subfield>
    <subfield code="g">4.35</subfield>
    <subfield code="l">0</subfield>
    <subfield code="o">551 PAP 1977</subfield>
    <subfield code="r">2016-11-22 00:00:00</subfield>
    <subfield code="t">C-3</subfield>
    <subfield code="w">2016-11-22</subfield>
    <subfield code="y">BK</subfield>
  </datafield>
  <datafield tag="952" ind1=" " ind2=" ">
    <subfield code="0">0</subfield>
    <subfield code="1">0</subfield>
    <subfield code="2">ddc</subfield>
    <subfield code="4">0</subfield>
    <subfield code="7">1</subfield>
    <subfield code="8">NFIC</subfield>
    <subfield code="a">RUCL</subfield>
    <subfield code="b">RUCL</subfield>
    <subfield code="c">Reading</subfield>
    <subfield code="d">1980-01-03</subfield>
    <subfield code="e">Heffers</subfield>
    <subfield code="g">4.35</subfield>
    <subfield code="l">0</subfield>
    <subfield code="o">551 PAP 1977</subfield>
    <subfield code="r">2017-05-16 00:00:00</subfield>
    <subfield code="t">C-1</subfield>
    <subfield code="w">2017-05-16</subfield>
    <subfield code="y">BK</subfield>
  </datafield>
  <datafield tag="952" ind1=" " ind2=" ">
    <subfield code="0">0</subfield>
    <subfield code="1">0</subfield>
    <subfield code="2">ddc</subfield>
    <subfield code="4">0</subfield>
    <subfield code="7">0</subfield>
    <subfield code="8">NFIC</subfield>
    <subfield code="a">RUCL</subfield>
    <subfield code="b">RUCL</subfield>
    <subfield code="c">Stack</subfield>
    <subfield code="d">1980-01-03</subfield>
    <subfield code="e">Heffers</subfield>
    <subfield code="g">4.35</subfield>
    <subfield code="l">0</subfield>
    <subfield code="o">551 PAP 1977</subfield>
    <subfield code="r">2017-05-16 00:00:00</subfield>
    <subfield code="t">C-4</subfield>
    <subfield code="w">2017-05-16</subfield>
    <subfield code="y">BK</subfield>
  </datafield>
  <datafield tag="952" ind1=" " ind2=" ">
    <subfield code="0">0</subfield>
    <subfield code="1">0</subfield>
    <subfield code="2">ddc</subfield>
    <subfield code="4">0</subfield>
    <subfield code="7">0</subfield>
    <subfield code="8">NFIC</subfield>
    <subfield code="a">RUCL</subfield>
    <subfield code="b">RUCL</subfield>
    <subfield code="c">Stack</subfield>
    <subfield code="d">1980-01-03</subfield>
    <subfield code="e">Heffers</subfield>
    <subfield code="g">4.35</subfield>
    <subfield code="l">1</subfield>
    <subfield code="o">551 PAP 1977</subfield>
    <subfield code="r">2018-04-22 00:00:00</subfield>
    <subfield code="s">2018-04-18</subfield>
    <subfield code="t">C-5</subfield>
    <subfield code="w">2017-05-16</subfield>
    <subfield code="y">BK</subfield>
  </datafield>
  <datafield tag="952" ind1=" " ind2=" ">
    <subfield code="0">0</subfield>
    <subfield code="1">0</subfield>
    <subfield code="2">ddc</subfield>
    <subfield code="4">0</subfield>
    <subfield code="7">0</subfield>
    <subfield code="8">NFIC</subfield>
    <subfield code="a">RUCL</subfield>
    <subfield code="b">RUCL</subfield>
    <subfield code="c">Stack</subfield>
    <subfield code="d">1980-01-03</subfield>
    <subfield code="e">Heffers</subfield>
    <subfield code="g">4.35</subfield>
    <subfield code="l">0</subfield>
    <subfield code="o">551 PAP 1977</subfield>
    <subfield code="r">2018-03-29 00:00:00</subfield>
    <subfield code="t">C-6</subfield>
    <subfield code="w">2017-05-16</subfield>
    <subfield code="y">BK</subfield>
  </datafield>
</record>
